Pravdivo líčiť historické udalosti rozhovor s tajomníčkou OV SZPB Máriou Škradovou

Bibliographic Details
Main Authors: Škradová, Mária (Author), Dobák, Ján (Author)
Format: Article
Language:Slovak
Subjects:

MARC

LEADER 00000nab a2200000 a 4500
001 vtls001026887
003 SK-MaSNL
005 20260303040110.0
008 180409e19990819xo 0 slo
035 |a SL5441 
040 |a SLLK  |b slo  |c SLLK  |e AACR2 
041 0 |a slo 
044 |a xo  |c SK 
080 |a 355.425.4  |2 1981 
080 |a 061.23  |2 1981 
100 1 |a Škradová, Mária  |4 aut  |9 987028 
245 1 0 |a Pravdivo líčiť historické udalosti  |b rozhovor s tajomníčkou OV SZPB Máriou Škradovou 
610 2 7 |a Slovenský zväz protifašistických bojovníkov  |b Okresný výbor (Stará Ľubovňa, Slovensko)  |2 SLLK  |9 1023420 
650 0 7 |a Slovenské národné povstanie (1944)  |2 SLLK  |9 177948 
651 7 |a Stará Ľubovňa (Slovensko)  |2 SLLK  |9 19193 
700 1 |a Dobák, Ján  |4 aut  |9 11417 
773 0 8 |t Ľubovnianske noviny  |g Roč. 25, č.33, 19.8.1999, s. 1 
852 |a ZVYKNI  |b KIS3GCP 
999 |c 1680418  |d 1682348